000 00593nab#a2200205#c#4500
999 _c87720
_d87720
003 IEF
005 20191205183500.0
008 950704s1975 uuu|| #####0 b| |u
040 _aIEF
_cES-MaIEF
100 1 _aSimón Acosta, Eugenio
_941324
245 _aReflexiones sobre las tasas de las haciendas locales
_c Eugenio Simón Acosta
260 _c1975
650 4 _aESPAÑA
_941092
650 4 _aHACIENDAS LOCALES
_945217
650 4 _aTASAS MUNICIPALES
_948528
773 0 _tHacienda Pública Española
_w34570
_gn. 35, 1975;pags. 253-304
942 _2udc
942 _2udc